000
002740000a22000970004500
100
1
_a
Soggin, J. Alberto
245
1
0
_a
'Ehud und 'eglon : Bemerkungen zu Richter 3:11b-31
300
_a
Vol. 39, Num. 1 (Enero, 1989), Páginas 95-100
773
0
_t
Vetus Testamentum
942
_c
ANA
999
_c
57474
_d
57474